Statistics for Movies with Types of Transport in the Title

Click here to take the quiz!

General Stats

  • This quiz has been taken 227 times
    (159 since last reset)
  • The average score is 13 of 30

Answer Stats

DateMovie% Correct
2006Snakes on a {Plane}
96%
1951Strangers on a {Train}
89%
1976{Car} Wash
87%
1976{Taxi} Driver
82%
1987Trains, Planes and {Automobiles}
81%
2004{Van} Helsing
80%
1951A {Streetcar} Named Desire
76%
1956{Bus} Stop
72%
2009The {Boat} that Rocked
72%
1968Yellow {Submarine}
72%
2017The Ice Cream {Truck}
69%
1965{Ship} of Fools
67%
1969Paint Your {Wagon}
59%
1981{Chariots} of Fire
50%
1967{Bike} Boy
45%
1997{Rocket} Man
40%
2005{Coach} Carter
37%
1957{Motorcycle} Gang
26%
1943The Life and Death of Colonel {Blimp}
19%
1995{Tank} Girl
18%
2008The Black {Balloon}
14%
2010{Canoe} Man
13%
1944Four Jills in a {Jeep}
13%
2018A Boy Called {Sailboat}
7%
1942One of our {Aircraft} is Missing
7%
2001Morgan's {Ferry}
6%
1936China {Clipper}
4%
2016{Stagecoach} The Texas Jack Story
4%
1970A Man Called {Sledge}
1%
1958The {Rickshaw} Man
1%

Score Distribution

Percentile by Number Answered

Percent of People with Each Score

Your Score History

You have not taken this quiz since the last reset